000 00471nam a2200181Ia 4500
001 982
005 20260306140558.0
008 260306t2018||||xx |||||||||||||| ||spa||
041 _aESP
082 _a174.9621382
_bO643
100 _aO´Keefe, Katherine
_eAUT
245 0 _aEthical data and information management:
_bconcepts, tools and methods
260 _c2018
300 _axi, 326 páginas :
_c23 cm.
650 _aGEN
654 _aCPS
942 _cLIB
_dJUS
_fJUS
_2ddc
_n
999 _c982
_d982